| 000 | 02149cam a2200169 4500500 | ||
|---|---|---|---|
| 005 | 20260208010612.0 | ||
| 041 | _afre | ||
| 042 | _adc | ||
| 100 | 1 | 0 |
_aVerdeau, Patricia _eauthor |
| 245 | 0 | 0 | _aExtrême Orient : Ivan P. Kamenaroviè, Agir, non-agir en Chine et en Occident. Du Sage immobile à l’homme d’action, Paris, Les Éditions du Cerf, 2005, coll. « La Nuit surveillée », 148 p., 18 E. |
| 260 | _c2006. | ||
| 500 | _a84 | ||
| 520 | _aPierre Kaufmann et la refondation de l’esthétique : d’un privilège de l’architecture L’expérience émotionnelle de l’espace de Pierre Kaufmann peut se lire comme une tentative de refondation de l’esthétique à partir d’une anthropologie centrée sur la scission subjective. Une esthétique dans laquelle ni le beau, ni le plaisir, ni la contemplation ne jouent un rôle central, mais qui tente de comprendre les conditions d’émergence de l’œuvre, ainsi que les modalités d’insertion du sujet dans son espace. L’architecture y joue un rôle primordial comme mode de défense contre la peur (émotion qui me déboute de toute localisation) grâce à la singularisation d’espaces habitables. | ||
| 520 | _aPierre Kaufmann’s refoundation of aesthetics : about some privilege or architecture Pierre Kaufmann’s Emotional Experience of Space may be read as an attempt at refounding aesthetics from the point of view of an anthropology centered on the subject’s splitting : i.e. an aesthetics in which neither the beautiful, nor pleasure, nor contemplation play a central part but attempting to understand the conditions through which the work of art may surge and the modalities through which the subject becomes part and parcel of its own space. Therein architecture plays a primal part as defence mechanism against fear (i.e. an emotion which casts me away form any localization) through the singularity of liveable spaces. | ||
| 786 | 0 | _nRevue philosophique de la France et de l'étranger | 131 | 2 | 2006-06-01 | p. 217zs-266zs | 0035-3833 | |
| 856 | 4 | 1 | _uhttps://shs.cairn.info/revue-philosophique-2006-2-page-217zs?lang=fr&redirect-ssocas=7080 |
| 999 |
_c1657332 _d1657332 |
||